000 00278nam a22001097a 4500
999 _c4104
_d4104
008 250121b ||||| |||| 00| 0 eng d
020 _a9780008520892
082 _a612 RON
100 _aDR RONX
_eDR RONX
245 _aAMAZING BODIES
942 _2ddc
_h612 RON